| 000 | 00522nam a2200193 a 4500 | ||
|---|---|---|---|
| 005 | 20220622063431.0 | ||
| 008 | 991125s1972 bar 000 0 spa u | ||
| 035 | _aUPN01000053535 | ||
| 049 | _aCG | ||
| 050 | 4 |
_aPQ7797 S26 _bS5 |
|
| 100 | 1 |
_aSánchez, Néstor, _d1935- |
|
| 245 | 1 | 0 |
_aSiberia blues / _cNéstor Sánchez |
| 260 |
_aBarcelona (Esp.) : _bSeix Barral, _c1972 |
||
| 300 | _a138 p | ||
| 440 | 0 |
_aBiblioteca breve; _v336. Novela |
|
| 650 | 0 |
_aNovela argentina _95078 |
|
| 904 |
_aAC _b053537 |
||
| 905 | _aLibro | ||
| 999 |
_c53535 _d53535 |
||